KOHA-Header-6

New Horizons In Bank Management (Record no. 8523)

000 -LEADER
fixed length control field 00217nam a2200097Ia 4500
100 ## - MAIN ENTRY--AUTHOR NAME
Personal name Dr.Ahsan H.Khan
245 #0 - TITLE STATEMENT
Title New Horizons In Bank Management
260 ## - PUBLICATION, DISTRIBUTION, ETC. (IMPRINT)
Place of publication Karachi
Name of publisher Royal Book
Year of publication 2013
300 ## - PHYSICAL DESCRIPTION
Number of Pages 525
942 ## - ADDED ENTRY ELEMENTS (KOHA)
Koha item type Books
Holdings
Withdrawn status Lost status Collection code Permanent Location Current Location Shelving location Date acquired Full call number Accession Number Koha item type
    Banking MAJU MAJU Shelf No.A45 2019-09-14 658.5 AHS 10555 Books

Powered by Koha